Doctor Who. The mind of evil (Record no. 281284)
[ view plain ]
| 000 -LEADER | |
|---|---|
| fixed length control field | 01970cgm a2200529Ka 4500 |
| 001 - CONTROL NUMBER | |
| control field | ocn839308002 |
| 003 - CONTROL NUMBER IDENTIFIER | |
| control field | OCoLC |
| 005 - DATE AND TIME OF LATEST TRANSACTION | |
| control field | 20251217142749.0 |
| 007 - PHYSICAL DESCRIPTION FIXED FIELD--GENERAL INFORMATION | |
| fixed length control field | vd cvaizu |
| 008 - FIXED-LENGTH DATA ELEMENTS--GENERAL INFORMATION | |
| fixed length control field | 130415p20131971xxu146 vleng d |
| 020 ## - INTERNATIONAL STANDARD BOOK NUMBER | |
| International Standard Book Number | 078069452X |
| 020 ## - INTERNATIONAL STANDARD BOOK NUMBER | |
| International Standard Book Number | 9780780694521 |
| 020 ## - INTERNATIONAL STANDARD BOOK NUMBER | |
| Terms of availability | 22.99 |
| 024 1# - OTHER STANDARD IDENTIFIER | |
| Standard number or code | 883929097692 |
| 028 42 - PUBLISHER NUMBER | |
| Publisher number | 1000115315 |
| Source | BBC |
| 035 ## - SYSTEM CONTROL NUMBER | |
| System control number | (OCoLC)839308002 |
| 037 ## - SOURCE OF ACQUISITION | |
| Source of stock number/acquisition | Midwest Tape |
| Note | http://www.midwesttapes.com |
| 040 ## - CATALOGING SOURCE | |
| Original cataloging agency | TEFMT |
| Transcribing agency | TEFMT |
| Modifying agency | TEF |
| -- | TEFMT |
| -- | VP@ |
| -- | WACOL |
| Description conventions | rda |
| 041 0# - LANGUAGE CODE | |
| Language code of text/sound track or separate title | eng |
| Language code of original and/or intermediate translations of text | eng |
| 049 ## - LOCAL HOLDINGS (OCLC) | |
| Holding library | WACL |
| 050 #4 - LIBRARY OF CONGRESS CALL NUMBER | |
| Classification number | PN1992.77 |
| Item number | .D63 2013 |
| 082 04 - DEWEY DECIMAL CLASSIFICATION NUMBER | |
| Classification number | 791.45/72 |
| Edition number | 23 |
| 092 ## - LOCALLY ASSIGNED DEWEY CALL NUMBER (OCLC) | |
| Classification number | DVD |
| Item number | Dr. |
| 245 00 - TITLE STATEMENT | |
| Title | Doctor Who. The mind of evil |
| 246 30 - VARYING FORM OF TITLE | |
| Title proper/short title | Mind of evil |
| 260 ## - PUBLICATION, DISTRIBUTION, ETC. (IMPRINT) | |
| Place of publication, distribution, etc | [United States] : |
| Name of publisher, distributor, etc | BBC Video, |
| Date of publication, distribution, etc | [2013] |
| 264 ## - Production, Publication, Distribution, Manufacture, and Copyright Notice. | |
| Place of production, publication, distribution, manufacture | [United States] : |
| Name of producer, publisher, distributor, manufacturer | BBC Video, |
| Date of production, publication, distribution, manufacture, or copyr | [2013] |
| 300 ## - PHYSICAL DESCRIPTION | |
| Extent | 2 videodiscs (146 min.) : |
| Other physical details | sd., col. ; |
| Dimensions | 4 3/4 in. |
| 500 ## - GENERAL NOTE | |
| General note | Title from web. |
| 500 ## - GENERAL NOTE | |
| General note | Originally broadcast as a television series in 1971. |
| 511 1# - PARTICIPANT OR PERFORMER NOTE | |
| Participant or performer note | Jon Pertwee, Roger Delgado, Katy Manning, Nicholas Courtney. |
| 520 ## - SUMMARY, ETC. | |
| Summary, etc | A machine that drains evil from criminals minds is the secret weapon in a plan to destroy the Doctor and doom world peace. Includes a bonus clip of the only surviving color footage of this historic 6-part adventure. |
| 521 8# - TARGET AUDIENCE NOTE | |
| Target audience note | Rating: TVPG. |
| 538 ## - SYSTEM DETAILS NOTE | |
| System details note | DVD, widescreen. |
| 546 ## - LANGUAGE NOTE | |
| Language note | English subtitles for the deaf and hard of hearing (SDH). |
| 650 #0 - SUBJECT ADDED ENTRY--TOPICAL TERM | |
| Topical term or geographic name as entry element | Doctor Who (Fictitious character) |
| Form subdivision | Drama. |
| 9 (RLIN) | 6447837 |
| 650 #0 - SUBJECT ADDED ENTRY--TOPICAL TERM | |
| Topical term or geographic name as entry element | Time travel |
| Form subdivision | Drama. |
| 9 (RLIN) | 5710993 |
| 655 #7 - INDEX TERM--GENRE/FORM | |
| Genre/form data or focus term | Science fiction television programs. |
| Source of term | lcgft |
| 9 (RLIN) | 102754 |
| 700 1# - ADDED ENTRY--PERSONAL NAME | |
| Personal name | Pertwee, Jon. |
| 9 (RLIN) | 5881199 |
| 700 1# - ADDED ENTRY--PERSONAL NAME | |
| Personal name | Delgado, Roger, |
| Dates associated with a name | 1918-1973. |
| 9 (RLIN) | 5881200 |
| 700 1# - ADDED ENTRY--PERSONAL NAME | |
| Personal name | Manning, Katy, |
| Dates associated with a name | 1949- |
| 9 (RLIN) | 5881201 |
| 700 1# - ADDED ENTRY--PERSONAL NAME | |
| Personal name | Courtney, Nicholas, |
| Dates associated with a name | 1929-2011. |
| 9 (RLIN) | 5881202 |
| 710 2# - ADDED ENTRY--CORPORATE NAME | |
| Corporate name or jurisdiction name as entry element | BBC Video (Firm) |
| 9 (RLIN) | 61947 |
| 730 0# - ADDED ENTRY--UNIFORM TITLE | |
| Uniform title | Doctor Who (Television program : 1963-1989) |
| 9 (RLIN) | 5800528 |
| 942 ## - ADDED ENTRY ELEMENTS (KOHA) | |
| Koha item type | DVD |
| Source of classification or shelving scheme | Dewey Decimal Classification |
| 948 ## - LOCAL PROCESSING INFORMATION (OCLC); SERIES PART DESIGNATOR (RLIN) | |
| Series part designator, SPT (RLIN) | 07/22/2013 |
| z (OCLC) | Sirsi |
| Withdrawn status | Lost status | Source of classification or shelving scheme | Materials specified (bound volume or other part) | Damaged status | Not for loan | Collection code | Home library | Current library | Shelving location | Date acquired | Source of acquisition | Cost, normal purchase price | Total Checkouts | Total Renewals | Full call number | Barcode | Date last seen | Date checked out | Cost, replacement price | Price effective from | Koha item type | Public note |
|---|---|---|---|---|---|---|---|---|---|---|---|---|---|---|---|---|---|---|---|---|---|---|
| Dewey Decimal Classification | .CIRCNOTE. 2 discs | Television Series | Wasatch County Library | Wasatch County Library | Audio Visual Area | 07/22/2013 | Amazon | 15.95 | 30 | 4 | TV Series Doctor Who the Mind of Evil | 34301001242074 | 06/06/2025 | 05/30/2025 | 15.95 | 03/20/2020 | DVD Series | .PUBLIC. 2 discs |
